[Event "13. Bayer Open"]
[Site "Leverkusen"]
[Date "2015.01.12"]
[Round "1.1"]
[White "Schneider, Bernd"]
[Black "Lessing, Sebastian"]
[Result "1-0"]
[WhiteElo "2358"]
[BlackElo "1657"]
[PlyCount "49"]
[EventDate "2015.??.??"]
[WhiteTeam "Bochumer SV"]
[BlackTeam "SC Bayer Leverkusen"]

1. c4 g6 2. Nc3 Bg7 3. d4 c5 4. Nf3 cxd4 5. Nxd4 Nc6 6. Nc2 Nf6 7. g3 d6 8. Bg2
Be6 9. b3 Ne4 10. Nxe4 Bxa1 11. Nxa1 a5 12. Bb2 f6 13. Nc2 a4 14. O-O axb3 15.
axb3 O-O 16. Nd4 Bd7 17. Nc3 Nxd4 18. Qxd4 Bc6 19. Rd1 Ra6 20. Nd5 Kg7 21. Nb4
Rb6 22. Bc3 Bxg2 23. Kxg2 e5 24. Qe3 Qc7 25. Nd5 1-0

[Event "13. Bayer Open"]
[Site "Leverkusen"]
[Date "2015.01.12"]
[Round "1.2"]
[White "Gelsok, Philipp"]
[Black "Rotstein, Jefim"]
[Result "0-1"]
[WhiteElo "1894"]
[BlackElo "2266"]
[PlyCount "56"]
[EventDate "2015.??.??"]
[WhiteTeam "Bergische SF"]
[BlackTeam "SC Tornado Hochneukirch"]

1. e4 c5 2. Nf3 e6 3. d4 cxd4 4. Nxd4 Nf6 5. Nc3 d6 6. Bc4 Be7 7. f4 Nc6 8. Be3
O-O 9. Qe2 d5 10. exd5 exd5 11. Bb3 Re8 12. O-O Bc5 13. Nxc6 bxc6 14. Bxc5 Rxe2
15. Nxe2 Ba6 16. Rae1 Ne4 17. Be3 Bxe2 18. Rxe2 a5 19. c4 d4 20. Bf2 Nxf2 21.
Rexf2 Qe7 22. Ba4 Qc5 23. b3 Re8 24. Rd1 h5 25. Rfd2 h4 26. Kf1 Re4 27. g3 hxg3
28. hxg3 Qh5 0-1

[Event "13. Bayer Open"]
[Site "Leverkusen"]
[Date "2015.01.12"]
[Round "1.3"]
[White "Khanukov, Boris"]
[Black "Arnold, Bodo"]
[Result "1-0"]
[WhiteElo "2200"]
[BlackElo "1626"]
[PlyCount "39"]
[EventDate "2015.??.??"]
[WhiteTeam "Bahn-SC Wuppertal"]
[BlackTeam "SF Schlebusch"]

1. d4 Nf6 2. Nf3 g6 3. c4 Bg7 4. Nc3 d6 5. e4 O-O 6. Be2 c5 7. O-O Nbd7 8. d5
Ng4 9. Ne1 Ngf6 10. f4 Ne8 11. Nf3 f5 12. Bd3 fxe4 13. Nxe4 Ndf6 14. Ng3 e6 15.
dxe6 Bxe6 16. f5 Bf7 17. Ng5 Qd7 18. Nxf7 Qxf7 19. fxg6 hxg6 20. Qc2 1-0

[Event "13. Bayer Open"]
[Site "Leverkusen"]
[Date "2015.01.12"]
[Round "1.4"]
[White "Elsweiler, Karl-Heinz"]
[Black "Balduan, Markus"]
[Result "0-1"]
[WhiteElo "1560"]
[BlackElo "2231"]
[PlyCount "56"]
[EventDate "2015.??.??"]
[WhiteTeam "SV Opladen"]
[BlackTeam "TV Witzhelden"]

1. Nf3 c5 2. g3 g6 3. Bg2 Bg7 4. c3 Nc6 5. O-O e5 6. d3 Nge7 7. Nbd2 O-O 8. Ne4
d6 9. c4 h6 10. Bd2 f5 11. Nc3 Be6 12. Qc1 Kh7 13. e4 Qd7 14. h4 f4 15. Ne2 Rf7
16. gxf4 Bg4 17. Ng3 exf4 18. Bxf4 Bxf3 19. Bxf3 Raf8 20. Nf5 gxf5 21. exf5 Nd4
22. Bg4 h5 23. Bxh5 Qxf5 24. Bg5 Nf3+ 25. Bxf3 Qxf3 26. Bxe7 Qg4+ 27. Kh2 Be5+
28. Kh1 Qh3+ 0-1

[Event "13. Bayer Open"]
[Site "Leverkusen"]
[Date "2015.01.12"]
[Round "1.5"]
[White "Auer, Martin"]
[Black "Stuch, Hans-Ferdinand"]
[Result "1-0"]
[WhiteElo "2134"]
[BlackElo "1608"]
[PlyCount "43"]
[EventDate "2015.??.??"]
[WhiteTeam "SG Solingen"]
[BlackTeam "SC Bonn Beuel"]

1. e4 e5 2. f4 d5 3. exd5 exf4 4. Nf3 Nf6 5. Bc4 c6 6. d4 Nxd5 7. Bxd5 Qxd5 8.
Nc3 Qf5 9. O-O a5 10. Re1+ Be6 11. Re5 Qg6 12. Rg5 Qh6 13. Bxf4 Nd7 14. Qd2 Qf6
15. d5 cxd5 16. Nxd5 Bc5+ 17. Kh1 Qxb2 18. Nc7+ Ke7 19. Rd1 Rad8 20. Bd6+ Bxd6
21. Qxd6+ Kf6 22. Nd5# 1-0

[Event "13. Bayer Open"]
[Site "Leverkusen"]
[Date "2015.01.12"]
[Round "1.6"]
[White "Alexopoulos, Spiros Orestis"]
[Black "Negele, Michael"]
[Result "0-1"]
[WhiteElo "1789"]
[BlackElo "2117"]
[PlyCount "88"]
[EventDate "2015.??.??"]
[WhiteTeam "Aachener SV"]
[BlackTeam "SC Bayer Leverkusen"]

1. c4 f5 2. Nc3 Nf6 3. g3 e5 4. Bg2 Nc6 5. e3 g6 6. Nge2 Bg7 7. d3 O-O 8. O-O
d6 9. Rb1 a5 10. f4 Be6 11. Nd5 Qd7 12. a3 Ra7 13. Nec3 Bxd5 14. Nxd5 Ne7 15.
Nxe7+ Qxe7 16. h3 c6 17. b4 axb4 18. axb4 exf4 19. exf4 Re8 20. Qb3 Nh5 21. Kh2
Qe2 22. Bb2 Re3 23. Rbe1 Rxd3 24. Rxe2 Rxb3 25. Bxg7 Nxg3 26. Re8+ Kxg7 27.
Rfe1 Ne4 28. Bxe4 fxe4 29. R8xe4 Ra2+ 30. R1e2 Rxe2+ 31. Rxe2 Rxb4 32. Re7+ Kf6
33. Rxh7 Rxc4 34. Rxb7 Rxf4 35. Rd7 Ke6 36. Rg7 Rf6 37. Kg3 d5 38. Kg4 d4 39.
Rc7 Kd5 40. Ra7 c5 41. Kg5 Rd6 42. h4 d3 43. Ra2 c4 44. Kf4 Kd4 0-1

[Event "13. Bayer Open"]
[Site "Leverkusen"]
[Date "2015.01.12"]
[Round "1.7"]
[White "Pauly, Carlo"]
[Black "Hoeper, Heinz-Joachim"]
[Result "1-0"]
[WhiteElo "2242"]
[BlackElo "1523"]
[PlyCount "35"]
[EventDate "2015.??.??"]
[WhiteTeam "SG Porz"]
[BlackTeam "Pulheimer SC"]

1. d4 Nf6 2. c4 e5 3. dxe5 Ng4 4. Bf4 Bb4+ 5. Nd2 Qe7 6. Ngf3 Bxd2+ 7. Qxd2 Nc6
8. Qc3 Qb4 9. Rc1 O-O 10. h3 Nxf2 11. Kxf2 Qe7 12. e3 h6 13. Bd3 Nb4 14. Bb1
Na6 15. Qc2 f5 16. exf6 Qxf6 17. Qh7+ Kf7 18. Be5 1-0

[Event "13. Bayer Open"]
[Site "Leverkusen"]
[Date "2015.01.12"]
[Round "1.8"]
[White "Domnick, Michael"]
[Black "Krüger, Andre"]
[Result "0-1"]
[WhiteElo "1789"]
[BlackElo "2062"]
[PlyCount "116"]
[EventDate "2015.??.??"]
[WhiteTeam "TV Witzhelden"]
[BlackTeam "SV Mülheim-Nord"]

1. d4 Nf6 2. Nf3 e6 3. c4 b6 4. Nbd2 c5 5. e3 Bb7 6. b3 Be7 7. Bb2 O-O 8. Bd3
d6 9. O-O Nbd7 10. Qc2 Rc8 11. Rac1 Qc7 12. Rfe1 Rfe8 13. Ng5 h6 14. Nge4 Nxe4
15. Bxe4 Bxe4 16. Qxe4 cxd4 17. exd4 Nf6 18. Qf3 Nd7 19. Ne4 Qb8 20. Qg3 Nf8
21. d5 e5 22. f4 f6 23. f5 Red8 24. Rc2 Rd7 25. Bc1 Kh8 26. Re3 b5 27. Qg4 Nh7
28. Rg3 Bd8 29. Bxh6 Bb6+ 30. Be3 Bxe3+ 31. Rxe3 Qb6 32. Rcc3 bxc4 33. Kf1 Qa6
34. Qe2 Rdc7 35. Rh3 Kg8 36. b4 Ng5 37. Nxg5 fxg5 38. a3 Rf7 39. Qg4 Qb7 40.
Qe4 g4 41. Rhg3 Rcf8 42. Rxg4 Rxf5+ 43. Rf3 Rxf3+ 44. gxf3 Qf7 45. Ke2 c3 46.
Rh4 g6 47. Qd3 c2 48. Rc4 c1=N+ 49. Rxc1 e4 50. fxe4 Qf2+ 51. Kd1 Qg1+ 52. Kd2
Qg2+ 53. Ke1 Qg1+ 54. Kd2 Rf2+ 55. Ke3 Rf1+ 56. Kd2 Rxc1 57. Qf3 Qe1+ 58. Kd3
Qc3+ 0-1

[Event "13. Bayer Open"]
[Site "Leverkusen"]
[Date "2015.01.12"]
[Round "1.9"]
[White "Werbeck, Torsten"]
[Black "Hoffmann, Michael"]
[Result "1-0"]
[WhiteElo "2098"]
[BlackElo "1696"]
[PlyCount "67"]
[EventDate "2015.??.??"]
[WhiteTeam "Bahn-SC Wuppertal"]
[BlackTeam "SG Neuss"]

1. d4 d5 2. Nf3 Nf6 3. c4 c6 4. Nc3 dxc4 5. e4 b5 6. e5 Nd5 7. a4 e6 8. axb5
Nxc3 9. bxc3 cxb5 10. Ng5 Bb7 11. Qh5 g6 12. Qg4 Be7 13. h4 Qd5 14. h5 Bxg5 15.
Qxg5 Qe4+ 16. Be3 Nd7 17. Rh4 Qf5 18. Qh6 O-O-O 19. Rf4 Qxh5 20. Qxh5 gxh5 21.
Rxa7 Rdf8 22. Rh4 Nb6 23. Rxh5 Nd5 24. Bd2 Kb8 25. Ra1 Bc6 26. g3 Ne7 27. Bg5
Ng8 28. Bc1 f6 29. Ba3 Rf7 30. Bd6+ Kc8 31. Bh3 f5 32. Ra5 Rb7 33. Ra8+ Kd7 34.
Rg5 1-0

[Event "13. Bayer Open"]
[Site "Leverkusen"]
[Date "2015.01.12"]
[Round "1.10"]
[White "Kopernok, Ingo"]
[Black "Ljuboschiz, Alexander"]
[Result "0-1"]
[WhiteElo "1341"]
[BlackElo "2031"]
[PlyCount "60"]
[EventDate "2015.??.??"]
[WhiteTeam "SG Solingen"]
[BlackTeam "SV Würselen"]

1. d4 Nf6 2. Bf4 g6 3. Nf3 d6 4. e3 Bg7 5. Nbd2 O-O 6. Bd3 c5 7. Qe2 cxd4 8.
exd4 Nc6 9. c3 Re8 10. O-O-O Qa5 11. Kb1 Bf5 12. Ka1 Nd5 13. Nb3 Nxf4 14. Nxa5
Nxe2 15. Nxc6 Bxd3 16. Nb4 Be4 17. Rhe1 Bxf3 18. gxf3 Nf4 19. Re4 e5 20. dxe5
dxe5 21. a3 Red8 22. Rxd8+ Rxd8 23. Rc4 Bf8 24. Nc2 Rd2 25. Ne3 Rxf2 26. Ng4
Rf1+ 27. Ka2 Nd3 28. Rc7 Kg7 29. Rxb7 Rxf3 30. Rxa7 h5 0-1

[Event "13. Bayer Open"]
[Site "Leverkusen"]
[Date "2015.01.12"]
[Round "1.11"]
[White "Roßkothen, Arnd"]
[Black "Hegmann, Werner"]
[Result "1-0"]
[WhiteElo "2045"]
[BlackElo "1525"]
[PlyCount "47"]
[EventDate "2015.??.??"]
[WhiteTeam "Uedemer SC"]
[BlackTeam "SV Opladen"]

1. Nf3 f6 2. e4 e6 3. d4 d6 4. Nc3 g6 5. Bd3 Bg7 6. h4 h6 7. e5 f5 8. Qe2 d5 9.
Bf4 c6 10. O-O-O b5 11. g4 Ne7 12. gxf5 gxf5 13. h5 Kd7 14. Rhg1 Rg8 15. Nh4 a5
16. Ng6 Bf8 17. Nxf8+ Qxf8 18. Rxg8 Nxg8 19. Rg1 Ke8 20. Rg6 Ra7 21. Qe3 Rh7
22. Qg3 Kf7 23. Rf6+ Nxf6 24. Qg6+ 1-0

[Event "13. Bayer Open"]
[Site "Leverkusen"]
[Date "2015.01.12"]
[Round "1.12"]
[White "Kronseder, Michael"]
[Black "Goerke, Joachim"]
[Result "1-0"]
[WhiteElo "1526"]
[BlackElo "2065"]
[PlyCount "67"]
[EventDate "2015.??.??"]
[WhiteTeam "SV Hürth-Berrenrath"]
[BlackTeam "SG Solingen"]

1. e4 e5 2. Nc3 Nc6 3. f4 exf4 4. Nf3 d6 5. d4 g5 6. h4 g4 7. d5 gxf3 8. dxc6
fxg2 9. Bxg2 Be7 10. Qh5 Nf6 11. Qb5 bxc6 12. Qxc6+ Bd7 13. Qc4 Nh5 14. O-O c6
15. Bxf4 Nxf4 16. Rxf4 Qb6+ 17. Kh1 Be6 18. Nd5 cxd5 19. exd5 Rc8 20. Qf1 Rxc2
21. dxe6 f6 22. Rc1 Rc5 23. b4 Rc7 24. Rxc7 Qxc7 25. Rc4 Qb8 26. Qc1 O-O 27.
Rg4+ Kh8 28. Qh6 Rg8 29. Be4 f5 30. Bxf5 Qb7+ 31. Be4 Bf8 32. Rxg8+ Kxg8 33.
Qxf8+ Kxf8 34. Bxb7 1-0

[Event "13. Bayer Open"]
[Site "Leverkusen"]
[Date "2015.01.12"]
[Round "1.13"]
[White "Peschel, Andreas"]
[Black "Gnass, Arno"]
[Result "1-0"]
[WhiteElo "2101"]
[BlackElo "1664"]
[PlyCount "99"]
[EventDate "2015.??.??"]
[WhiteTeam "SG Solingen"]
[BlackTeam "TSV Bergisch Gladbach"]

1. d4 Nf6 2. c4 g6 3. Nc3 d5 4. cxd5 Nxd5 5. e4 Nxc3 6. bxc3 Bg7 7. Bc4 c5 8.
Ne2 cxd4 9. cxd4 O-O 10. Be3 Nc6 11. Rc1 Qa5+ 12. Kf1 Bg4 13. f3 Bd7 14. h4 h5
15. Nf4 Qa3 16. Qd2 Na5 17. Bd3 Rac8 18. Kf2 b5 19. Nd5 Nc4 20. Rc3 Qd6 21.
Bxc4 bxc4 22. Bf4 e5 23. dxe5 Bxe5 24. Bxe5 Qxe5 25. f4 Qd6 26. Qd4 f6 27. Rxc4
Rxc4 28. Qxc4 Be6 29. Rd1 Bxd5 30. Qxd5+ Qxd5 31. Rxd5 Rb8 32. Ra5 Rb7 33. Ke3
Kf7 34. Kd4 Rd7+ 35. Kc5 Re7 36. Ra4 g5 37. hxg5 fxg5 38. fxg5 Kg6 39. Kd6 Rb7
40. e5 Rb6+ 41. Kd5 Rb2 42. e6 Rxg2 43. Re4 Rd2+ 44. Kc6 Rc2+ 45. Kb7 Rb2+ 46.
Ka8 Rc2 47. e7 Rc8+ 48. Kb7 Re8 49. Kc7 Kf7 50. Kd7 1-0

[Event "13. Bayer Open"]
[Site "Leverkusen"]
[Date "2015.01.12"]
[Round "1.14"]
[White "Meyer, Stefan"]
[Black "Schulte-Lentz, Christian"]
[Result "0-1"]
[WhiteElo "1692"]
[BlackElo "1995"]
[PlyCount "42"]
[EventDate "2015.??.??"]
[WhiteTeam "SV Grevenbroich"]
[BlackTeam "Langenfelder SF"]

1. d4 Nf6 2. c4 c5 3. d5 e6 4. Nc3 exd5 5. cxd5 d6 6. e4 g6 7. f4 Bg7 8. Bb5+
Nfd7 9. a4 O-O 10. Nf3 Na6 11. Bxa6 bxa6 12. O-O Rb8 13. Qc2 Re8 14. Re1 Rb4
15. Na2 Rb7 16. Nc3 Nf6 17. Nd2 Ng4 18. Ne2 Rb4 19. h3 Qh4 20. Nf3 Qf2+ 21. Kh1
Rbxe4 0-1

[Event "13. Bayer Open"]
[Site "Leverkusen"]
[Date "2015.01.12"]
[Round "1.15"]
[White "Kies, Werner"]
[Black "Richrath, Martin"]
[Result "1-0"]
[WhiteElo "1837"]
[BlackElo "1772"]
[PlyCount "71"]
[EventDate "2015.??.??"]
[WhiteTeam "SC Bayer Leverkusen"]
[BlackTeam "Langenfelder SF"]

1. e4 e6 2. d4 d5 3. Nd2 c5 4. Ngf3 Nc6 5. Bb5 Bd6 6. e5 Bf8 7. c3 Bd7 8. O-O
Nxe5 9. Bxd7+ Nxd7 10. Re1 Ngf6 11. Ne5 Be7 12. Re3 cxd4 13. cxd4 Qb6 14. Ndf3
O-O 15. Rb3 Qa6 16. Bg5 Bd8 17. Bf4 Rc8 18. g4 Bc7 19. g5 Nh5 20. Nxd7 Nxf4 21.
Nxf8 Rxf8 22. Ne5 Qd6 23. Qg4 Ng6 24. Re1 f6 25. gxf6 Rxf6 26. Rg3 Qf8 27. Nd7
Bxg3 28. hxg3 Qb4 29. Nxf6+ gxf6 30. Qxe6+ Kg7 31. Kg2 Qxd4 32. Qd7+ Kh6 33.
Rh1+ Kg5 34. f4+ Nxf4+ 35. gxf4+ Qxf4 36. Qxd5+ 1-0

[Event "13. Bayer Open"]
[Site "Leverkusen"]
[Date "2015.01.12"]
[Round "1.16"]
[White "Depping, Thomas"]
[Black "Sockel, Karl-Heinz"]
[Result "0-1"]
[WhiteElo "1595"]
[BlackElo "1893"]
[PlyCount "100"]
[EventDate "2015.??.??"]
[WhiteTeam "SF Düsseldorf-Süd"]
[BlackTeam "SC Bayer Leverkusen"]

1. e4 d5 2. Nc3 d4 3. Nce2 g6 4. Ng3 Bg7 5. Nf3 c5 6. Bc4 e6 7. d3 Nc6 8. O-O
Nge7 9. Bg5 h6 10. Bd2 O-O 11. Rb1 Na5 12. Bb3 Nxb3 13. axb3 Nc6 14. Re1 e5 15.
h3 Be6 16. Qe2 Qd7 17. Red1 Rfd8 18. Ne1 Qd6 19. c4 Ne7 20. Nf3 Rf8 21. Re1 a5
22. Ra1 b6 23. Bc1 Rae8 24. Bd2 Bd7 25. Qd1 Nc6 26. Nh2 Kh7 27. Qe2 Nd8 28. Rf1
Ne6 29. Qd1 Nf4 30. Bxf4 exf4 31. Ne2 f5 32. f3 g5 33. Qd2 Rg8 34. Rae1 Be5 35.
Kh1 Re7 36. Rg1 Qg6 37. g4 fxg3 38. Nxg3 Bxg3 39. Rxg3 f4 40. Rgg1 Bxh3 41. Re2
Qh5 42. Rf2 Rf7 43. Qe2 Rfg7 44. Qd1 g4 45. fxg4 Rxg4 46. Rxg4 Bxg4 47. Qd2 Rf8
48. Rxf4 Bf3+ 49. Kg1 Rg8+ 50. Kf1 Qh3+ 0-1

[Event "13. Bayer Open"]
[Site "Leverkusen"]
[Date "2015.01.12"]
[Round "1.17"]
[White "Weiser, Hans-Josef"]
[Black "Paul, André David"]
[Result "1-0"]
[WhiteElo "2010"]
[BlackElo "1710"]
[PlyCount "61"]
[EventDate "2015.??.??"]
[WhiteTeam "Bergische SF"]
[BlackTeam "Kölner SK Dr. Lasker"]

1. e4 e6 2. d4 c6 3. Nf3 b6 4. Bd3 Bb7 5. O-O d5 6. e5 Be7 7. c3 a6 8. a3 Nd7
9. Re1 c5 10. Nbd2 c4 11. Bc2 b5 12. Nf1 a5 13. N3d2 g6 14. f4 Nh6 15. g4 Bf8
16. Qf3 Nb6 17. Ne3 Rc8 18. Ndf1 Rc7 19. Ng3 Qh4 20. Bd2 Bc8 21. Rf1 Rg8 22.
Rf2 Qd8 23. Raf1 Be7 24. Kh1 Bh4 25. Ng2 Rg7 26. f5 Bxg3 27. hxg3 g5 28. f6 Rg8
29. Ne1 Kd7 30. Rh2 Qf8 31. Kg2 1-0

[Event "13. Bayer Open"]
[Site "Leverkusen"]
[Date "2015.01.12"]
[Round "1.18"]
[White "Elshani, Shaip"]
[Black "Juziak, Peter"]
[Result "0-1"]
[WhiteElo "1581"]
[BlackElo "1995"]
[PlyCount "62"]
[EventDate "2015.??.??"]
[WhiteTeam "SC Bayer Leverkusen"]
[BlackTeam "Düsseldorfer SV"]

1. f4 d5 2. Nf3 c5 3. c3 Nc6 4. e3 Bg4 5. Be2 Nf6 6. d4 e6 7. Ne5 Bxe2 8. Qxe2
Bd6 9. Nd2 O-O 10. g4 Ne4 11. g5 Bxe5 12. dxe5 Ne7 13. Nxe4 dxe4 14. Bd2 Qd5
15. c4 Qc6 16. h4 Nf5 17. Kf2 Rad8 18. Rh3 Rd3 19. Rg1 Qa4 20. a3 Qxc4 21. Bc3
b5 22. h5 b4 23. axb4 cxb4 24. Be1 Qb3 25. g6 Rc8 26. Bd2 Rc2 27. Rd1 Qxb2 28.
Ke1 h6 29. gxf7+ Kf8 30. Qg2 Rcxd2 31. Rxd2 Qc1+ 0-1

[Event "13. Bayer Open"]
[Site "Leverkusen"]
[Date "2015.01.12"]
[Round "1.19"]
[White "Evers, Leo"]
[Black "Skiber, Friedel"]
[Result "1-0"]
[WhiteElo "1975"]
[BlackElo "1552"]
[PlyCount "107"]
[EventDate "2015.??.??"]
[WhiteTeam "SG Porz"]
[BlackTeam "SG Solingen"]

1. d4 Nf6 2. c4 g6 3. Nc3 Bg7 4. e4 d6 5. f3 O-O 6. Be3 c5 7. Nge2 a6 8. dxc5
dxc5 9. Qxd8 Rxd8 10. Bxc5 Nc6 11. Rd1 Nd7 12. Ba3 a5 13. Nd5 e6 14. Ne7+ Kh8
15. Nxc6 bxc6 16. b3 Bb7 17. Be7 Bf8 18. Bxd8 Bb4+ 19. Kf2 Rxd8 20. g3 Bc8 21.
Bh3 Bc5+ 22. Kg2 Rf8 23. Nf4 Kg7 24. Nd3 Be7 25. Rhe1 h5 26. Kf2 Kh6 27. f4 g5
28. Ke3 g4 29. Bg2 e5 30. Nxe5 Nxe5 31. fxe5 Bc5+ 32. Ke2 Re8 33. Rd6+ Bxd6 34.
exd6 Re6 35. Rd1 Bd7 36. c5 f5 37. Ke3 Kg5 38. Kd4 h4 39. e5 hxg3 40. hxg3 f4
41. gxf4+ Kxf4 42. Rf1+ Kg3 43. Be4 Rh6 44. Rh1 Rxh1 45. Bxh1 Kf2 46. e6 Bxe6
47. Bxc6 g3 48. Ke5 Bd7 49. Bd5 Bg4 50. Kf4 Be6 51. Bf3 Bh3 52. c6 Bg2 53. Bxg2
Kxg2 54. d7 1-0

[Event "13. Bayer Open"]
[Site "Leverkusen"]
[Date "2015.01.12"]
[Round "1.20"]
[White "Becker, Johann"]
[Black "Bub, Volker"]
[Result "0-1"]
[WhiteElo "1449"]
[BlackElo "2029"]
[PlyCount "54"]
[EventDate "2015.??.??"]
[WhiteTeam "TV Witzhelden"]
[BlackTeam "SC Tornado Hochneukirch"]

1. d4 f5 2. c4 Nf6 3. g3 d6 4. Bg2 g6 5. Nc3 Bg7 6. Nf3 O-O 7. Bf4 Nh5 8. Bd2
Nc6 9. d5 Ne5 10. Qb3 Nf7 11. O-O e5 12. dxe6 Bxe6 13. e3 Rb8 14. Nd4 Bd7 15.
Rad1 c6 16. Nce2 Qe7 17. Bc3 Ne5 18. Rfe1 Be8 19. Nf4 Bf7 20. Qa4 Nf6 21. e4
fxe4 22. Bxe4 Nxe4 23. Rxe4 Nf3+ 24. Nxf3 Qxe4 25. Nd4 Bxd4 26. Bxd4 g5 27. Nh5
Bxh5 0-1

[Event "13. Bayer Open"]
[Site "Leverkusen"]
[Date "2015.01.12"]
[Round "1.21"]
[White "Wille, Thomas"]
[Black "Reif, Frank"]
[Result "1-0"]
[WhiteElo "1973"]
[BlackElo "1736"]
[PlyCount "104"]
[EventDate "2015.??.??"]
[WhiteTeam "Krefelder SK Turm"]
[BlackTeam "TV Witzhelden"]

1. c4 Nf6 2. g3 g6 3. Bg2 Bg7 4. Nc3 d6 5. e3 O-O 6. Nge2 Nbd7 7. O-O e5 8. d3
c6 9. b4 Ne8 10. Rb1 f5 11. b5 c5 12. f4 Rb8 13. Qa4 exf4 14. gxf4 Nb6 15. Qb3
Be6 16. a4 Nd7 17. Bd2 Nef6 18. Nd5 b6 19. Nec3 Ng4 20. h3 Ngf6 21. Qd1 Nxd5
22. cxd5 Bf7 23. e4 Be8 24. Ne2 Rc8 25. Rc1 h6 26. Qe1 Kh7 27. Bc3 Qe7 28. Ng3
Rf7 29. exf5 Bxc3 30. fxg6+ Kxg6 31. Be4+ Kg7 32. Rxc3 Kf8 33. Rc2 Rg7 34. Kh2
Bg6 35. f5 Bf7 36. Qe3 Qf6 37. Qf4 Re8 38. Rg2 Ne5 39. Rff2 Ke7 40. Qd2 Reg8
41. Qf4 Rg5 42. Re2 Kd7 43. a5 bxa5 44. Qd2 Qd8 45. Re1 Qb6 46. Ra1 Qxb5 47.
Rxa5 Qb6 48. Qa2 Ra8 49. Rb2 Qc7 50. Rab5 Qd8 51. Rb7+ Ke8 52. Rxa7 Rc8 {
Rest auf beiden Notationen unleserlich.} 1-0

[Event "13. Bayer Open"]
[Site "Leverkusen"]
[Date "2015.01.12"]
[Round "1.22"]
[White "Jacobi, Bernd"]
[Black "Eigemann, Frederik"]
[Result "0-1"]
[WhiteElo "1414"]
[BlackElo "1949"]
[PlyCount "76"]
[EventDate "2015.??.??"]
[WhiteTeam "Langenfelder SF"]
[BlackTeam "SG Porz"]

1. d4 Nf6 2. c3 b6 3. Bf4 Bb7 4. Nf3 c5 5. e3 Nh5 6. Bxb8 Rxb8 7. Nbd2 e6 8.
Be2 Be7 9. Qa4 Bc6 10. Bb5 Bxb5 11. Qxb5 O-O 12. Ne5 Nf6 13. O-O Qc7 14. Rad1
Rfc8 15. Qd3 cxd4 16. cxd4 d6 17. Nef3 Qc2 18. Qa3 Qc7 19. b3 d5 20. Qb2 Qc2
21. Qa1 Ba3 22. Rb1 Bb4 23. Rbc1 Qd3 24. Rfd1 Qa6 25. h3 Ba3 26. Rc3 Rxc3 27.
Qxc3 Rc8 28. Qa1 h6 29. Nb1 Rc2 30. Nxa3 Qxa3 31. Ne5 Ne4 32. Nd3 Rxa2 33. Qc1
Qxb3 34. Qc8+ Kh7 35. Ne5 Qxd1+ 36. Kh2 Rxf2 37. Nxf7 Rxg2+ 38. Kxg2 Qe2+ 0-1

[Event "13. Bayer Open"]
[Site "Leverkusen"]
[Date "2015.01.12"]
[Round "1.23"]
[White "Bosbach, Jens"]
[Black "Rist, Kurt"]
[Result "1-0"]
[WhiteElo "1806"]
[BlackElo "1532"]
[PlyCount "55"]
[EventDate "2015.??.??"]
[WhiteTeam "Langenfelder SF"]
[BlackTeam "SG Solingen"]

1. d4 e6 2. Nf3 Nf6 3. e3 c5 4. Bd3 g6 5. c3 b6 6. e4 Bg7 7. Bg5 Bb7 8. e5 h6
9. Bxf6 Bxf6 10. exf6 Qxf6 11. dxc5 bxc5 12. Nbd2 Nc6 13. Qe2 a6 14. O-O O-O
15. Ne4 Qe7 16. Qe3 Kg7 17. Nxc5 Bc8 18. b4 d6 19. Nb3 Rb8 20. Nbd4 Na7 21. a4
f5 22. Nxe6+ Bxe6 23. Rfe1 Rbe8 24. Nd4 Rf6 25. Bc4 f4 26. Nxe6+ Kh8 27. Nxf4
Qe5 28. Qd2 1-0

[Event "13. Bayer Open"]
[Site "Leverkusen"]
[Date "2015.01.12"]
[Round "1.24"]
[White "van Kempen, Susanne"]
[Black "Wirtz, Uwe"]
[Result "0-1"]
[WhiteElo "1521"]
[BlackElo "1825"]
[PlyCount "82"]
[EventDate "2015.??.??"]
[WhiteTeam "SV Opladen"]
[BlackTeam "Königsspringer Leverkusen"]

1. e4 Nf6 2. e5 Nd5 3. d4 d6 4. Nf3 Bg4 5. Be2 Nc6 6. c4 Nb6 7. Bf4 e6 8. Nbd2
Be7 9. h3 Bf5 10. O-O O-O 11. a3 a5 12. Nb1 dxe5 13. dxe5 Bc5 14. Qxd8 Raxd8
15. Nc3 Rd7 16. Rfd1 Rfd8 17. Rxd7 Rxd7 18. Rd1 Rxd1+ 19. Nxd1 Bc2 20. Nd2 Bd4
21. Nc3 Bxe5 22. Bxe5 Nxe5 23. Nb5 Bd3 24. Bxd3 Nxd3 25. b3 Na8 26. Kf1 Kf8 27.
Ke2 Nc5 28. b4 axb4 29. axb4 Na6 30. Nb3 Nxb4 31. Nc5 b6 32. Nd7+ Ke7 33. Ne5
f6 34. Nf3 e5 35. Kd2 c6 36. Na3 Nc7 37. Kc3 Nba6 38. Nb1 Nc5 39. Nbd2 N7e6 40.
Nh4 g6 41. g3 Ng5 0-1

[Event "13. Bayer Open"]
[Site "Leverkusen"]
[Date "2015.01.12"]
[Round "1.25"]
[White "Gutt, Oswald"]
[Black "Kayser, Manfred"]
[Result "1-0"]
[WhiteElo "1920"]
[BlackElo "1502"]
[PlyCount "39"]
[EventDate "2015.??.??"]
[WhiteTeam "Bergische SF"]
[BlackTeam "Königsspringer Leverkusen"]

1. d4 Nf6 2. c4 e6 3. Nc3 c5 4. Nf3 cxd4 5. Nxd4 Nc6 6. Ndb5 d5 7. Bf4 e5 8.
cxd5 a6 9. dxc6 axb5 10. Qxd8+ Kxd8 11. c7+ Kxc7 12. Bxe5+ Kc6 13. g3 Ng4 14.
Bg2+ Kc5 15. Ne4+ Kb6 16. Bd4+ Ka5 17. O-O f6 18. a3 Ne5 19. b4+ Ka6 20. a4 1-0

[Event "13. Bayer Open"]
[Site "Leverkusen"]
[Date "2015.01.12"]
[Round "1.26"]
[White "Turp, Hüseyim"]
[Black "Spiekermann, Stefan"]
[Result "0-1"]
[WhiteElo "1582"]
[BlackElo "1988"]
[PlyCount "88"]
[EventDate "2015.??.??"]
[WhiteTeam "Oberhausener SV"]
[BlackTeam "SV Menden"]

1. d4 d5 2. Bf4 c6 3. Nf3 Nf6 4. e3 Bf5 5. Bd3 Bg6 6. Nbd2 Nbd7 7. O-O e6 8. h3
Be7 9. Qe2 O-O 10. Bxg6 hxg6 11. c4 c5 12. b3 Qb6 13. Rfe1 Rac8 14. Rac1 Rfd8
15. g4 Ne4 16. cxd5 exd5 17. Qd3 Nxd2 18. Nxd2 cxd4 19. exd4 Ba3 20. Rxc8 Rxc8
21. Nf3 Nf6 22. Ne5 Bb2 23. Nf3 Ne4 24. Bd2 Qc6 25. Re2 a6 26. Kg2 Qc2 27. Qe3
Qb1 28. a4 Bc1 29. Bxc1 Qxc1 30. Qxc1 Rxc1 31. Rb2 f6 32. a5 Kf7 33. b4 Nd6 34.
Kg3 Rc4 35. Kg2 Nb5 36. Kg3 g5 37. h4 gxh4+ 38. Kxh4 Nd6 39. Kg3 Rc3 40. Kg2
Nc4 41. Rb1 Rxf3 42. b5 Ra3 43. bxa6 bxa6 44. Rb7+ Kg6 {
Restliche Notation unleserlich.} 0-1

[Event "13. Bayer Open"]
[Site "Leverkusen"]
[Date "2015.01.12"]
[Round "1.27"]
[White "Erdmann, Kristian"]
[Black "Wehr, Günter"]
[Result "1-0"]
[WhiteElo "1966"]
[BlackElo "1511"]
[PlyCount "65"]
[EventDate "2015.??.??"]
[WhiteTeam "Königsspringer Leverkusen"]
[BlackTeam "SV Opladen"]

1. e4 e5 2. Nf3 Nc6 3. Bc4 Bc5 4. d3 h6 5. Nc3 Nf6 6. O-O d6 7. h3 O-O 8. Be3
Bb6 9. Qd2 Nd4 10. Bxd4 exd4 11. Ne2 c5 12. Nh2 Be6 13. Bxe6 fxe6 14. f4 Bc7
15. Ng3 Qe8 16. Rf3 Nh5 17. Raf1 Nf6 18. f5 d5 19. fxe6 Qxe6 20. exd5 Qxd5 21.
Nf5 Bxh2+ 22. Kxh2 Kh7 23. Kg1 Nd7 24. Ne7 Qd6 25. Qe2 Nf6 26. Nf5 Qd5 27. Qf2
Rae8 28. Nxg7 Kxg7 29. Rxf6 Qg8 30. Qg3+ Kh7 31. Qc7+ Qg7 32. Rf7 Re1 33. Rxg7+
1-0